000
00246nam a2200097Ia 4500
008
240625s9999 xx 000 0 und d
041
_a
eng
082
_a
808.20 KAU
100
_a
KAUR KANCHANPREET
245
_a
INTEGREON INDIA AS A DESTINATION FOR OUT
999
_c
35270
_d
35270